International Journal of Social Research Methodology

Salvato in:
Dettagli Bibliografici
Natura: Periodico
Lingua:inglese
Pubblicazione: London Taylor & Francis
Tags: Aggiungi Tag
Nessun Tag, puoi essere il primo ad aggiungerne!!

MARC

LEADER 00000nas1a2200000 4500
001 0243945
005 20250701092102.7
022 |a 1464-5300 
022 |a 1364-5579 
041 0 |a eng 
044 |a GB 
245 1 0 |a International Journal of Social Research Methodology 
264 1 |a London  |b Taylor & Francis